000 01045nam a2200241 i 4500
001 25196
003 ES-MaACL
005 20230906153217.0
007 t|
008 021220q1834 sp ||||1| spa d
080 _a821.134.2-191"18"
100 1 _aLozano Pérez Ramajo, Manuel.
_9153285
245 1 0 _aApología de los asnos /
_ccompuesta en renglones así como versos por un Asnólogo, aprendiz de poeta [seud.].
260 _aAsnópolis [i.e. Madrid :
_bs.n.],
_c18349 [i.e. 1829?] (
_fA. González)
300 _aLV, 285 p. ;
_c12 cm.
505 8 _aContiene: Elogio del rebuzno o sea Apéndice a la apología de los asnos
530 _aDisponible en formato digital.
594 _aEncabezamiento tomado de: Hartzenbusch, Eugenio: Unos cuantos seudónimos de escritores españoles, p. 17.
596 _aFecha de la tasa: 1826.
596 _aSegún Palau, I, 398, impreso en Madrid: A. González, 1829.
852 4 _aES-MaACL
_jR-2299 Olim: G-1113
856 4 _uhttps://binadi.navarra.es/registro/00025169
_zBiblioteca Navarra Digital
999 _c25196
_d25196